000 00587cam a22002053a 4500
001 38618
003 PGUSA
005 20140828083842.0
008 120118s2012||||xxu|||||s|||||000 | eng d
040 _aPGUSA
_beng
042 _adc
100 1 _aFouillée, Alfred,
_d1838-1912
245 1 0 _aLa Liberté et le Déterminisme
_h[electronic resource] /
_cAlfred Fouillée
260 _bProject Gutenberg,
_c2012
506 _aPublic domain in the USA.
516 _aElectronic text
830 0 _aProject Gutenberg
_v38618
856 4 0 _uhttp://www.gutenberg.org/ebooks/38618
942 _cEB
999 _c267872
_d267872